[Event "Montreal Mercredi 01"]
[Site "Montreal CAN"]
[Date "2011.02.02"]
[Round "4"]
[White "Gates, Claude-Eric"]
[Black "Baran, Marius"]
[Result "0-1"]
[WhiteElo "1742"]
[BlackElo "1657"]
[PlyCount "96"]
[GameId "2160767909821185"]
[EventDate "2011.01.12"]
[EventType "tourn"]
[EventRounds "5"]
[EventCountry "CAN"]
[SourceTitle "EXT 2013"]
[Source "ChessBase"]
[SourceDate "2012.11.22"]
[SourceVersion "1"]
[SourceVersionDate "2012.11.22"]
[SourceQuality "1"]

1. c4 e6 2. g3 Nf6 3. Bg2 d5 4. Nf3 Nbd7 5. cxd5 exd5 6. O-O Bd6 7. Nc3 c6 8. d3 O-O 9. e4 dxe4 10. dxe4 Qe7 11. Re1 Rd8 12. Qc2 Ne5 13. b3 Bg4 14. Nxe5 Bxe5 15. Bb2 Qc5 16. Rac1 Rd7 17. Qb1 Qe7 18. f3 Bh5 19. Na4 Rad8 20. Nc5 Rd2 21. Bxe5 Qxe5 22. Qa1 Qxa1 23. Rxa1 b6 24. e5 bxc5 25. exf6 gxf6 26. Rac1 Rxa2 27. Rxc5 Bg6 28. f4 Rdd2 29. Bxc6 Rxh2 30. Rc3 Rhd2 31. b4 Bd3 32. Bd5 Ra4 33. Rc7 Bg6 34. f5 Rxd5 35. fxg6 hxg6 36. Ree7 Rd2 37. Rxa7 Rxb4 38. Re1 Rb3 39. Ra6 Rxg3+ 40. Kh1 Kg7 41. Rf1 f5 42. Rb6 Rgg2 43. Re1 Rge2 44. Rc1 f4 45. Rb5 f3 46. Rg5 f2 47. Rf1 Re1 48. Kg2 Rdd1 0-1

[Event "Montreal Mercredi 01"]
[Site "Montreal CAN"]
[Date "2011.02.02"]
[Round "4"]
[White "Luo, Zhao Yang"]
[Black "Lalonde, Paul"]
[Result "1-0"]
[WhiteElo "1994"]
[BlackElo "1899"]
[PlyCount "77"]
[GameId "2160767909821186"]
[EventDate "2011.01.12"]
[EventType "tourn"]
[EventRounds "5"]
[EventCountry "CAN"]
[SourceTitle "EXT 2013"]
[Source "ChessBase"]
[SourceDate "2012.11.22"]
[SourceVersion "1"]
[SourceVersionDate "2012.11.22"]
[SourceQuality "1"]

1. d4 Nf6 2. c4 g6 3. Nc3 Bg7 4. e4 O-O 5. Nf3 d6 6. Be2 e5 7. d5 h6 8. O-O Nbd7 9. Qc2 a5 10. a3 Nc5 11. Be3 b6 12. b4 Nb7 13. Nd2 Ng4 14. Bxg4 Bxg4 15. Nb3 f5 16. f3 Bh5 17. Rfb1 Qe7 18. Ne2 Qh4 19. Bf2 Qg5 20. Ng3 Kh8 21. Nxh5 Qxh5 22. Nd2 Bf6 23. Nf1 Be7 24. Qc3 fxe4 25. Ng3 Qg5 26. Be3 Qh4 27. Nxe4 Bg5 28. Bf2 Qf4 29. c5 axb4 30. axb4 bxc5 31. bxc5 Rxa1 32. Rxa1 Qf7 33. c6 Nd8 34. Ra5 Qe7 35. Ra7 Nf7 36. Qa5 Rc8 37. Qa6 Qe8 38. h3 Be7 39. Qb7 1-0

[Event "Montreal Mercredi 01"]
[Site "Montreal CAN"]
[Date "2011.02.02"]
[Round "4"]
[White "Messier, Samuel"]
[Black "Gauthier, Luc"]
[Result "0-1"]
[WhiteElo "1742"]
[BlackElo "1740"]
[PlyCount "70"]
[GameId "2160767909821187"]
[EventDate "2011.01.12"]
[EventType "tourn"]
[EventRounds "5"]
[EventCountry "CAN"]
[SourceTitle "EXT 2013"]
[Source "ChessBase"]
[SourceDate "2012.11.22"]
[SourceVersion "1"]
[SourceVersionDate "2012.11.22"]
[SourceQuality "1"]

1. e4 Nf6 2. e5 Nd5 3. d4 d6 4. c4 Nb6 5. f4 dxe5 6. fxe5 Nc6 7. Be3 Bf5 8. Nc3 e6 9. Nf3 Bg4 10. Qd2 Bb4 11. Be2 Bxf3 12. gxf3 Qd7 13. O-O-O Na4 14. Rhg1 g6 15. Bg5 Nxc3 16. bxc3 Be7 17. Be3 Ba3+ 18. Kb1 O-O-O 19. Ka1 Na5 20. Rb1 Qa4 21. Qd3 Nc6 22. f4 Na5 23. d5 b6 24. h4 h5 25. Rgd1 Be7 26. Bf1 Rhe8 27. c5 Rxd5 28. Qa6+ Kd8 29. Rxd5+ exd5 30. cxb6 cxb6 31. Bb5 Qa3 32. Bc1 Nb3+ 33. Rxb3 Qxc1+ 34. Rb1 Qxc3+ 35. Rb2 Ba3 0-1

[Event "Montreal Mercredi 01"]
[Site "Montreal CAN"]
[Date "2011.02.02"]
[Round "4"]
[White "Nardone, Raul"]
[Black "Yun, Chang"]
[Result "1-0"]
[WhiteElo "1803"]
[BlackElo "1779"]
[PlyCount "63"]
[GameId "2160767909821188"]
[EventDate "2011.01.12"]
[EventType "tourn"]
[EventRounds "5"]
[EventCountry "CAN"]
[SourceTitle "EXT 2013"]
[Source "ChessBase"]
[SourceDate "2012.11.22"]
[SourceVersion "1"]
[SourceVersionDate "2012.11.22"]
[SourceQuality "1"]

1. e4 c5 2. Nf3 d6 3. d4 cxd4 4. Nxd4 Nf6 5. Nc3 g6 6. f4 Nc6 7. Be3 Qb6 8. Qd2 Ng4 9. Bg1 Bg7 10. Ne6 Qxb2 11. Nxg7+ Kf8 12. Rb1 Qa3 13. Nh5 gxh5 14. Rb3 Qa5 15. Rb5 Qc7 16. Rxh5 Nf6 17. Nd5 Nxd5 18. exd5 Na5 19. Bd4 f6 20. Bd3 Nc4 21. Qf2 Bg4 22. Rh4 h5 23. h3 Qa5+ 24. c3 Qa3 25. O-O Nb2 26. Bb1 Bd7 27. g4 Kf7 28. g5 Rag8 29. g6+ Ke8 30. f5 Nc4 31. Qe2 Ne5 32. Rxh5 1-0

[Event "Montreal Mercredi 01"]
[Site "Montreal CAN"]
[Date "2011.02.02"]
[Round "4"]
[White "Pilotte, Benoit"]
[Black "Deshetres, Michel"]
[Result "1-0"]
[WhiteElo "1759"]
[BlackElo "1763"]
[PlyCount "111"]
[GameId "2160767909821189"]
[EventDate "2011.01.12"]
[EventType "tourn"]
[EventRounds "5"]
[EventCountry "CAN"]
[SourceTitle "EXT 2013"]
[Source "ChessBase"]
[SourceDate "2012.11.22"]
[SourceVersion "1"]
[SourceVersionDate "2012.11.22"]
[SourceQuality "1"]

1. e4 e5 2. Nc3 Nf6 3. f4 d5 4. fxe5 Nxe4 5. Nf3 Bc5 6. d4 Bb4 7. Bd2 Nxd2 8. Qxd2 Bf5 9. Be2 O-O 10. O-O Bg6 11. Kh1 c6 12. Rae1 Re8 13. a3 Ba5 14. Bd1 Nd7 15. Re3 Nf8 16. Qf2 Ne6 17. Nh4 Rf8 18. Ne2 Bb6 19. c3 c5 20. Nf3 c4 21. Qh4 Bd3 22. Kg1 Qxh4 23. Nxh4 Ng5 24. Nf5 Bd8 25. Rg3 Bxf5 26. Rxf5 Ne4 27. Rh3 Bg5 28. Bc2 g6 29. Rf1 f5 30. Nf4 Nd2 31. Ne6 Nxf1 32. Nxg5 Nd2 33. Nxh7 Rf7 34. Ng5 Re7 35. Rh6 Ne4 36. Rxg6+ Rg7 37. Rxg7+ Kxg7 38. Ne6+ Kf7 39. Nf4 Rd8 40. Bd1 Ng5 41. Bh5+ Ke7 42. Bg6 Ne6 43. Nh5 f4 44. Nf6 Ng5 45. h4 Ne6 46. Kf2 Nf8 47. Bh5 Ne6 48. Bf3 Nc7 49. h5 Ke6 50. Bg4+ Kf7 51. Kf3 Ne6 52. Bxe6+ Kxe6 53. Kxf4 Rh8 54. g4 b5 55. g5 a5 56. g6 1-0

[Event "Montreal Mercredi 01"]
[Site "Montreal CAN"]
[Date "2011.02.02"]
[Round "4"]
[White "Plante, Michel"]
[Black "Levkovsky, Alexandre"]
[Result "0-1"]
[WhiteElo "2107"]
[BlackElo "2262"]
[PlyCount "118"]
[GameId "2160767909821190"]
[EventDate "2011.01.12"]
[EventType "tourn"]
[EventRounds "5"]
[EventCountry "CAN"]
[SourceTitle "EXT 2013"]
[Source "ChessBase"]
[SourceDate "2012.11.22"]
[SourceVersion "1"]
[SourceVersionDate "2012.11.22"]
[SourceQuality "1"]

1. d4 d5 2. Nf3 b5 3. Bf4 e6 4. e3 a6 5. Bd3 c5 6. c3 Nf6 7. O-O Bb7 8. Ne5 Nbd7 9. Nd2 Nxe5 10. Bxe5 c4 11. Bc2 Nd7 12. Bg3 Be7 13. f3 h5 14. e4 h4 15. Bf2 Qc7 16. Be3 O-O-O 17. e5 g5 18. b3 cxb3 19. axb3 Qxc3 20. Qe2 Kb8 21. Bd3 Rc8 22. Ra2 Qc6 23. Nb1 Qb6 24. Qf2 f6 25. exf6 Bxf6 26. Rd1 Be7 27. Nd2 Rc3 28. Bg6 Rhc8 29. Kh1 Nf8 30. Bb1 Rc1 31. Qe1 Rxd1 32. Qxd1 Rc3 33. Nf1 Qc7 34. Bd2 Rc6 35. Ba5 Qc8 36. Rc2 b4 37. Qc1 Rxc2 38. Qxc2 Qc6 39. Qxc6 Bxc6 40. Bd3 Bb5 41. Bxb5 axb5 42. Ne3 Ng6 43. Nc2 Nf4 44. Bxb4 Bxb4 45. Nxb4 Ne2 46. Nc2 Kc7 47. b4 Kd6 48. g3 hxg3 49. hxg3 Nxg3+ 50. Kg2 Nf5 51. Kf2 e5 52. dxe5+ Kxe5 53. Na3 Nd6 54. Kg3 d4 55. Kg4 d3 56. Nb1 Kd4 57. Kxg5 Ke3 58. f4 d2 59. Nc3 Ne4+ 0-1

[Event "Montreal Mercredi 01"]
[Site "Montreal CAN"]
[Date "2011.02.02"]
[Round "4"]
[White "Rondon, Luciano"]
[Black "Dydak, Mateusz"]
[Result "1/2-1/2"]
[WhiteElo "1813"]
[BlackElo "1893"]
[PlyCount "145"]
[GameId "2160767909821191"]
[EventDate "2011.01.12"]
[EventType "tourn"]
[EventRounds "5"]
[EventCountry "CAN"]
[SourceTitle "EXT 2013"]
[Source "ChessBase"]
[SourceDate "2012.11.22"]
[SourceVersion "1"]
[SourceVersionDate "2012.11.22"]
[SourceQuality "1"]

1. e4 e6 2. d4 d5 3. Nd2 dxe4 4. Nxe4 Nd7 5. Nf3 Ngf6 6. Bg5 Be7 7. Nxf6+ Nxf6 8. Bd3 h6 9. Bh4 c5 10. O-O cxd4 11. Nxd4 O-O 12. c3 Bd7 13. Re1 Re8 14. Qe2 Qc7 15. Rad1 a6 16. Nf3 Bc6 17. Ne5 Bf8 18. Bc2 Rad8 19. Nxc6 Qxc6 20. Bxf6 gxf6 21. Qg4+ Bg7 22. Qb4 f5 23. a4 Qc7 24. Qh4 Rxd1 25. Rxd1 Qe7 26. Qxe7 Rxe7 27. Rd8+ Bf8 28. Kf1 Kg7 29. Bd1 e5 30. Bb3 Rc7 31. Bd5 b5 32. axb5 axb5 33. Ke2 b4 34. c4 Bc5 35. Ra8 Ra7 36. Rxa7 Bxa7 37. b3 Kf6 38. f3 Bg1 39. Kd3 Kg6 40. h3 f6 41. Ke2 Kg5 42. Kf1 Bd4 43. Bc6 Kf4 44. Ke2 h5 45. Bd5 h4 46. Bc6 Bc5 47. Bd5 e4 48. fxe4 fxe4 49. Bc6 Ke5 50. Bd5 f5 51. Bc6 Kd4 52. Bd7 f4 53. Bf5 Kc3 54. Bxe4 Kxb3 55. Kf3 Kxc4 56. Kxf4 Bf2 57. Kf3 Bg3 58. Ke2 Kc3 59. Kd1 Bf4 60. Bb1 Kb2 61. Be4 b3 62. Bd5 Ka2 63. Bc4 Kb2 64. Be6 Kc3 65. Bd5 b2 66. Ba2 Kd3 67. Bb1+ Kc3 68. Bc2 Kb4 69. Bb1 Kc3 70. Bc2 Bg5 71. Bb1 Kb3 72. Ke2 Kc3 73. Kd1 1/2-1/2

[Event "Montreal Mercredi 01"]
[Site "Montreal CAN"]
[Date "2011.02.02"]
[Round "4"]
[White "Sasseville, Jean"]
[Black "Khudaverdian, Berj"]
[Result "0-1"]
[WhiteElo "1968"]
[BlackElo "1902"]
[PlyCount "127"]
[GameId "2160767909821192"]
[EventDate "2011.01.12"]
[EventType "tourn"]
[EventRounds "5"]
[EventCountry "CAN"]
[SourceTitle "EXT 2013"]
[Source "ChessBase"]
[SourceDate "2012.11.22"]
[SourceVersion "1"]
[SourceVersionDate "2012.11.22"]
[SourceQuality "1"]

1. Nf3 Nf6 2. c4 g6 3. Nc3 Bg7 4. e4 d6 5. d4 O-O 6. Be2 e5 7. O-O Nc6 8. d5 Ne7 9. b4 a5 10. bxa5 Rxa5 11. a4 b6 12. Ba3 Ra8 13. Bb4 Bg4 14. a5 Bxf3 15. Bxf3 bxa5 16. Rxa5 c5 17. Rxa8 Qxa8 18. Nb5 cxb4 19. Nxd6 Nd7 20. Qb3 Qa3 21. Rb1 Ra8 22. Kf1 Qxb3 23. Rxb3 Ra1+ 24. Ke2 Ra4 25. Nb7 Bh6 26. c5 Ra2+ 27. Kd3 Rd2+ 28. Kc4 Rd4+ 29. Kb5 Bd2 30. d6 Nc8 31. Kc6 Nf6 32. Kc7 Na7 33. Be2 Rxe4 34. Ba6 Nd5+ 35. Kd7 Kf8 36. Na5 Nf6+ 37. Kc7 Rd4 38. Kb7 Ne4 39. Kxa7 Nxc5 40. Rb1 Nxa6 41. Kxa6 Rxd6+ 42. Kb5 Rd5+ 43. Ka4 Bc3 44. Nb3 f5 45. Rc1 Kf7 46. Rc2 Kf6 47. Re2 g5 48. f3 h5 49. h3 g4 50. fxg4 fxg4 51. Rf2+ Kg5 52. hxg4 hxg4 53. Rf8 e4 54. Nc1 Rd2 55. g3 Rc2 56. Nb3 e3 57. Rg8+ Kf5 58. Rf8+ Kg6 59. Rf4 Kg5 60. Nc5 e2 61. Nd3 e1=Q 62. Nxe1 Bxe1 63. Re4 Bxg3 64. Kxb4 0-1

[Event "Montreal Mercredi 01"]
[Site "Montreal CAN"]
[Date "2011.02.02"]
[Round "4"]
[White "Tremblay, Alain"]
[Black "Gauthier, Denis"]
[Result "1-0"]
[WhiteElo "2020"]
[BlackElo "2003"]
[PlyCount "53"]
[GameId "2160767909821193"]
[EventDate "2011.01.12"]
[EventType "tourn"]
[EventRounds "5"]
[EventCountry "CAN"]
[SourceTitle "EXT 2013"]
[Source "ChessBase"]
[SourceDate "2012.11.22"]
[SourceVersion "1"]
[SourceVersionDate "2012.11.22"]
[SourceQuality "1"]

1. d4 Nf6 2. c4 e6 3. Nc3 Bb4 4. e3 b6 5. Bd3 Bb7 6. Nf3 O-O 7. O-O Bxc3 8. bxc3 d6 9. Qc2 Nbd7 10. e4 e5 11. Re1 c5 12. d5 Re8 13. Nh4 Nf8 14. Nf5 Ng6 15. g3 Ne7 16. Bg5 Nxf5 17. exf5 Qd7 18. Bxf6 gxf6 19. Qd2 Kh8 20. Qh6 Qe7 21. Re4 Rg8 22. a4 Rab8 23. Rae1 Bc8 24. Rh4 Rg7 25. Rh5 Bd7 26. Re4 Rbg8 27. Reh4 1-0

[Event "Montreal Mercredi 01"]
[Site "Montreal CAN"]
[Date "2011.02.08"]
[Round "5"]
[White "Baran, Marius"]
[Black "Messier, Samuel"]
[Result "0-1"]
[WhiteElo "1657"]
[BlackElo "1742"]
[PlyCount "77"]
[GameId "2160767909821194"]
[EventDate "2011.01.12"]
[EventType "tourn"]
[EventRounds "5"]
[EventCountry "CAN"]
[SourceTitle "EXT 2013"]
[Source "ChessBase"]
[SourceDate "2012.11.22"]
[SourceVersion "1"]
[SourceVersionDate "2012.11.22"]
[SourceQuality "1"]

1. d4 Nf6 2. c4 e6 3. Nf3 b6 4. g3 Ba6 5. Qc2 c5 6. Bg2 Nc6 7. e3 Be7 8. O-O O-O 9. Rd1 cxd4 10. exd4 Rc8 11. Qa4 Bb7 12. Nc3 a6 13. d5 Na5 14. d6 Nxc4 15. dxe7 Qxe7 16. Qb3 d5 17. Bf4 e5 18. Re1 d4 19. Bxe5 dxc3 20. Bxc3 Ne4 21. Qc2 f5 22. Nd4 Qf7 23. Bb4 Rfe8 24. Rad1 Ne3 25. Qb1 Nxg2 26. Re2 Nf4 27. gxf4 Qg6+ 28. Kf1 a5 29. f3 axb4 30. Rg2 Qf6 31. Nb5 Ba6 32. fxe4 Bxb5+ 33. Kg1 fxe4 34. Rd5 Bd3 35. Qe1 Rc2 36. Rxc2 Bxc2 37. Qg3 e3 38. Rd7 Bg6 39. Qf3 0-1

[Event "Montreal Mercredi 01"]
[Site "Montreal CAN"]
[Date "2011.02.08"]
[Round "5"]
[White "Dardoura, Khaled"]
[Black "Gates, Claude-Eric"]
[Result "0-1"]
[WhiteElo "1633"]
[BlackElo "1742"]
[PlyCount "68"]
[GameId "2160767909821195"]
[EventDate "2011.01.12"]
[EventType "tourn"]
[EventRounds "5"]
[EventCountry "CAN"]
[SourceTitle "EXT 2013"]
[Source "ChessBase"]
[SourceDate "2012.11.22"]
[SourceVersion "1"]
[SourceVersionDate "2012.11.22"]
[SourceQuality "1"]

1. d4 Nf6 2. c4 e6 3. Nc3 Bb4 4. e3 O-O 5. Bd3 b6 6. Nf3 Bb7 7. O-O Bxc3 8. bxc3 d6 9. Qe2 Ne4 10. Qc2 f5 11. Qb3 Qe8 12. d5 Nc5 13. Qc2 Nxd3 14. Qxd3 Nd7 15. Ba3 Nf6 16. Nd4 exd5 17. Nxf5 Qe5 18. f4 Qe6 19. Nd4 Qf7 20. f5 dxc4 21. Qe2 Rfe8 22. Ne6 Bd5 23. Nf4 Be4 24. g4 Bd3 25. Nxd3 cxd3 26. Qxd3 Nxg4 27. Rae1 Qxa2 28. Re2 Qf7 29. Rf4 Ne5 30. Qc2 Qh5 31. Rff2 Ng4 32. Rf3 Nxh2 33. Rff2 Nf3+ 34. Kg2 Qg4+ 0-1

[Event "Montreal Mercredi 01"]
[Site "Montreal CAN"]
[Date "2011.02.08"]
[Round "5"]
[White "Deshetres, Michel"]
[Black "Nardone, Raul"]
[Result "0-1"]
[WhiteElo "1763"]
[BlackElo "1803"]
[PlyCount "68"]
[GameId "2160767909821196"]
[EventDate "2011.01.12"]
[EventType "tourn"]
[EventRounds "5"]
[EventCountry "CAN"]
[SourceTitle "EXT 2013"]
[Source "ChessBase"]
[SourceDate "2012.11.22"]
[SourceVersion "1"]
[SourceVersionDate "2012.11.22"]
[SourceQuality "1"]

1. e4 c5 2. c3 d5 3. exd5 Qxd5 4. d4 Nc6 5. Nf3 e6 6. Bd3 cxd4 7. cxd4 Nf6 8. Nc3 Qd8 9. a3 Be7 10. O-O O-O 11. Be3 b6 12. Rc1 Bb7 13. Qe2 Rc8 14. Rfd1 Nd5 15. Nxd5 Qxd5 16. Bc4 Qh5 17. d5 Na5 18. dxe6 Nxc4 19. exf7+ Kh8 20. Rxc4 Ba6 21. b3 Bxc4 22. bxc4 Rxf7 23. Rd5 Qg4 24. h3 Qe4 25. Ne5 Rff8 26. Qh5 Qb1+ 27. Kh2 Qf5 28. Qe2 Bd6 29. f4 Bxe5 30. fxe5 Qe4 31. Qd2 Rxc4 32. Rd8 Qxe5+ 33. Kg1 Rc8 34. Rxf8+ Rxf8 0-1

[Event "Montreal Mercredi 01"]
[Site "Montreal CAN"]
[Date "2011.02.08"]
[Round "5"]
[White "Dydak, Mateusz"]
[Black "Luo, Zhao Yang"]
[Result "0-1"]
[WhiteElo "1893"]
[BlackElo "1994"]
[PlyCount "80"]
[GameId "2160767909821197"]
[EventDate "2011.01.12"]
[EventType "tourn"]
[EventRounds "5"]
[EventCountry "CAN"]
[SourceTitle "EXT 2013"]
[Source "ChessBase"]
[SourceDate "2012.11.22"]
[SourceVersion "1"]
[SourceVersionDate "2012.11.22"]
[SourceQuality "1"]

1. e4 c6 2. d4 d5 3. f3 e6 4. Nc3 c5 5. Bf4 c4 6. Qd2 Bb4 7. O-O-O Qa5 8. Nge2 Ne7 9. h4 b5 10. Qe3 Bxc3 11. bxc3 Qxa2 12. Bd6 Nbc6 13. Qg5 Rg8 14. Nf4 h6 15. Qh5 b4 16. Kd2 b3 17. Ke3 Qxc2 18. Bxc4 Qxc3+ 19. Bd3 dxe4 20. fxe4 Qxd4+ 21. Kf3 Qxd6 22. Bb5 Qb4 23. Qe5 Bd7 24. Qc7 Nd4+ 25. Rxd4 Qxd4 26. Ne2 Qf6+ 27. Kg3 Bxb5 28. Rd1 Ng6 29. Qb7 Qxh4+ 30. Kf3 Bxe2+ 31. Kxe2 Nf4+ 32. Kf3 Qh5+ 33. Kxf4 Qxd1 34. Qxa8+ Qd8 35. Qc6+ Ke7 36. Qb7+ Qd7 37. Qxb3 a5 38. e5 Qd4+ 39. Kf3 Qd5+ 40. Qxd5 exd5 0-1

[Event "Montreal Mercredi 01"]
[Site "Montreal CAN"]
[Date "2011.02.08"]
[Round "5"]
[White "Gauthier, Luc"]
[Black "Soskic, Radmilo"]
[Result "1/2-1/2"]
[WhiteElo "1740"]
[BlackElo "1616"]
[PlyCount "52"]
[GameId "2160767909821199"]
[EventDate "2011.01.12"]
[EventType "tourn"]
[EventRounds "5"]
[EventCountry "CAN"]
[SourceTitle "EXT 2013"]
[Source "ChessBase"]
[SourceDate "2012.11.22"]
[SourceVersion "1"]
[SourceVersionDate "2012.11.22"]
[SourceQuality "1"]

1. e4 e5 2. Nf3 Nf6 3. Nxe5 d6 4. Nxf7 Kxf7 5. d4 Bg4 6. Be2 Bxe2 7. Qxe2 c6 8. Nc3 Nbd7 9. e5 dxe5 10. dxe5 Qe7 11. exf6 Qxe2+ 12. Nxe2 Nxf6 13. O-O Bc5 14. Be3 Bxe3 15. fxe3 Rhe8 16. Rf3 Kg8 17. Nc3 Rad8 18. Rd1 Rxd1+ 19. Nxd1 Ne4 20. Rf4 g5 21. Rf5 h6 22. Rf1 Rd8 23. Nf2 Nxf2 24. Rxf2 Rd1+ 25. Rf1 Rd2 26. Rf2 Rd1+ 1/2-1/2

[Event "Montreal Mercredi 01"]
[Site "Montreal CAN"]
[Date "2011.02.08"]
[Round "5"]
[White "Khudaverdian, Berj"]
[Black "Rondon, Luciano"]
[Result "0-1"]
[WhiteElo "1902"]
[BlackElo "1813"]
[PlyCount "114"]
[GameId "2160767909821200"]
[EventDate "2011.01.12"]
[EventType "tourn"]
[EventRounds "5"]
[EventCountry "CAN"]
[SourceTitle "EXT 2013"]
[Source "ChessBase"]
[SourceDate "2012.11.22"]
[SourceVersion "1"]
[SourceVersionDate "2012.11.22"]
[SourceQuality "1"]

1. Nf3 Nf6 2. c4 c5 3. g3 Nc6 4. Bg2 g6 5. O-O Bg7 6. d3 O-O 7. Nc3 d6 8. a3 Bg4 9. h3 Bd7 10. Rb1 Nd4 11. Nxd4 cxd4 12. Na2 Bc6 13. Bxc6 bxc6 14. Qa4 Qd7 15. Kh2 a5 16. Bd2 h5 17. Bg5 Qe6 18. Bxf6 Bxf6 19. Qxc6 Qxe2 20. Qe4 Qc2 21. Qf3 Rab8 22. Qd1 Rxb2 23. Qxc2 Rxc2 24. Nc1 a4 25. Kg1 Rc3 26. Ra1 Rb8 27. f4 g5 28. Kf2 g4 29. hxg4 hxg4 30. Re1 e5 31. Re2 exf4 32. gxf4 d5 33. Kg3 dxc4 34. Kxg4 cxd3 35. Rd2 Rc2 36. Rxd3 Rbb2 37. Kf5 Bg7 38. Ke4 Kf8 39. Rh3 Rc3 40. Rxc3 dxc3 41. Nd3 Re2+ 42. Kf3 Rd2 43. Ke3 Ke7 44. Ne5 Rb2 45. Kd3 Rb3 46. Re1 Bxe5 47. Rxe5+ Kf6 48. Ke4 Rxa3 49. Rc5 Rb3 50. Rc6+ Ke7 51. Rc4 a3 52. Kd3 Ke6 53. Kc2 a2 54. Ra4 Rb1 55. Rxa2 Rb2+ 56. Rxb2 cxb2 57. Kxb2 Kf5 0-1

[Event "Montreal Mercredi 01"]
[Site "Montreal CAN"]
[Date "2011.02.08"]
[Round "5"]
[White "Lalonde, Paul"]
[Black "Sasseville, Jean"]
[Result "0-1"]
[WhiteElo "1899"]
[BlackElo "1968"]
[PlyCount "60"]
[GameId "2160767909821201"]
[EventDate "2011.01.12"]
[EventType "tourn"]
[EventRounds "5"]
[EventCountry "CAN"]
[SourceTitle "EXT 2013"]
[Source "ChessBase"]
[SourceDate "2012.11.22"]
[SourceVersion "1"]
[SourceVersionDate "2012.11.22"]
[SourceQuality "1"]

1. e4 c6 2. d4 d5 3. e5 Bf5 4. Nf3 e6 5. Nbd2 Nd7 6. c4 Ne7 7. c5 Ng6 8. h3 Be7 9. Be2 Nf4 10. O-O O-O 11. Re1 f6 12. Bf1 fxe5 13. Nxe5 Nxe5 14. Rxe5 Bf6 15. Re1 Qc7 16. Nf3 Rae8 17. g4 Be4 18. Be3 Bxf3 19. Qxf3 Ng6 20. Qd1 e5 21. Qd2 e4 22. Bg2 Rf7 23. Bg5 Ref8 24. Rf1 Bxg5 25. Qxg5 Nf4 26. Rae1 Qa5 27. Rd1 Qxa2 28. Rd2 Qc4 29. Re1 Nd3 30. Bf1 Nxe1 0-1

[Event "Montreal Mercredi 01"]
[Site "Montreal CAN"]
[Date "2011.02.08"]
[Round "5"]
[White "Levkovsky, Alexandre"]
[Black "Tremblay, Alain"]
[Result "1/2-1/2"]
[WhiteElo "2262"]
[BlackElo "2020"]
[PlyCount "91"]
[GameId "2160767909821202"]
[EventDate "2011.01.12"]
[EventType "tourn"]
[EventRounds "5"]
[EventCountry "CAN"]
[SourceTitle "EXT 2013"]
[Source "ChessBase"]
[SourceDate "2012.11.22"]
[SourceVersion "1"]
[SourceVersionDate "2012.11.22"]
[SourceQuality "1"]

1. e4 c6 2. d4 d5 3. e5 Bf5 4. h4 h5 5. Ne2 e6 6. Ng3 Bg6 7. Be2 Ne7 8. Bxh5 Bxh5 9. Nxh5 Nf5 10. c3 Nxh4 11. Qg4 Ng6 12. Nd2 c5 13. Nb3 cxd4 14. cxd4 Nc6 15. Bd2 Qb6 16. Bc3 O-O-O 17. Rh3 Nb4 18. Qe2 Kb8 19. Qd2 Rc8 20. Nc5 Rxc5 21. dxc5 Bxc5 22. a3 Nc6 23. b4 Bf8 24. Rd1 Qa6 25. f4 Nge7 26. Qc2 Qxa3 27. b5 Nb4 28. Bd4 Qa5 29. Kf1 Nf5 30. Bf2 g6 31. Nf6 Rxh3 32. gxh3 Be7 33. Kg2 Qa3 34. Qd2 Bxf6 35. exf6 b6 36. Rc1 d4 37. Bxd4 Qg3+ 38. Kh1 Qxh3+ 39. Kg1 Qg3+ 40. Kf1 Qh3+ 41. Kg1 Qg4+ 42. Kf2 Qg3+ 43. Kf1 Qh3+ 44. Kg1 Qg3+ 45. Kf1 Qh3+ 46. Kg1 1/2-1/2

[Event "Montreal Mercredi 01"]
[Site "Montreal CAN"]
[Date "2011.02.08"]
[Round "5"]
[White "Pregent, Daniel"]
[Black "Pilotte, Benoit"]
[Result "1/2-1/2"]
[WhiteElo "1795"]
[BlackElo "1759"]
[PlyCount "60"]
[GameId "2160767909821203"]
[EventDate "2011.01.12"]
[EventType "tourn"]
[EventRounds "5"]
[EventCountry "CAN"]
[SourceTitle "EXT 2013"]
[Source "ChessBase"]
[SourceDate "2012.11.22"]
[SourceVersion "1"]
[SourceVersionDate "2012.11.22"]
[SourceQuality "1"]

1. d4 d6 2. Nf3 g6 3. c4 Bg7 4. h3 b6 5. Nc3 Nd7 6. e4 Bb7 7. Be2 a6 8. O-O e5 9. d5 Qe7 10. Be3 Rc8 11. b4 Ngf6 12. Rc1 O-O 13. Nd2 c6 14. Qb3 c5 15. b5 a5 16. Qb1 Rce8 17. Na4 Qd8 18. Rc3 h6 19. Rb3 Qc7 20. Nb2 Bc8 21. a4 Kh7 22. Qd1 Qd8 23. g3 Qe7 24. Kg2 Rh8 25. Nd3 Kg8 26. Ne1 Kh7 27. Kh2 Rhg8 28. Ng2 Kh8 29. Nh4 Nf8 30. Bf3 N8d7 1/2-1/2

[Event "Montreal Mercredi 01"]
[Site "Montreal CAN"]
[Date "2011.02.08"]
[Round "5"]
[White "Yun, Chang"]
[Black "Brassard, Sylvain"]
[Result "1-0"]
[WhiteElo "1779"]
[BlackElo "1798"]
[PlyCount "69"]
[GameId "2160767909821204"]
[EventDate "2011.01.12"]
[EventType "tourn"]
[EventRounds "5"]
[EventCountry "CAN"]
[SourceTitle "EXT 2013"]
[Source "ChessBase"]
[SourceDate "2012.11.22"]
[SourceVersion "1"]
[SourceVersionDate "2012.11.22"]
[SourceQuality "1"]

1. e4 Nf6 2. e5 Nd5 3. d4 d6 4. c4 Nb6 5. exd6 cxd6 6. Nc3 g6 7. Nf3 Bg7 8. Be3 Bg4 9. h3 Bxf3 10. Qxf3 Nc6 11. Rd1 d5 12. c5 Nc4 13. Bxc4 dxc4 14. O-O O-O 15. Qe2 Nxd4 16. Bxd4 Bxd4 17. Qxc4 e5 18. Nb5 Rc8 19. b4 Qh4 20. Nxd4 Rfd8 21. g3 Rxd4 22. Rxd4 Qxd4 23. Qxd4 exd4 24. Rd1 Rd8 25. f4 f5 26. Kf2 Kf7 27. Ke2 Ke6 28. Kd3 Kd5 29. Re1 Rd7 30. a4 a5 31. Re5+ Kc6 32. b5+ Kc7 33. Re8 Rd5 34. Kc4 Rd7 35. b6+ 1-0

[Event "Montreal Mercredi 02"]
[Site "Montreal CAN"]
[Date "2011.02.23"]
[Round "1"]
[White "Baran, Marius"]
[Black "Dardoura, Khaled"]
[Result "1-0"]
[WhiteElo "1682"]
[BlackElo "1613"]
[PlyCount "75"]
[GameId "2160767909804323"]
[EventDate "2011.02.23"]
[EventType "tourn"]
[EventRounds "5"]
[EventCountry "CAN"]
[SourceTitle "EXT 2013"]
[Source "ChessBase"]
[SourceDate "2012.11.22"]
[SourceVersion "1"]
[SourceVersionDate "2012.11.22"]
[SourceQuality "1"]

1. d4 Nf6 2. c4 e6 3. g3 d5 4. Bg2 c5 5. Nf3 Nc6 6. cxd5 exd5 7. O-O Be7 8. Nc3 O-O 9. a3 Re8 10. Qd3 c4 11. Qc2 Bf8 12. Bg5 h6 13. Bxf6 gxf6 14. e3 Ne7 15. Nd2 Bf5 16. e4 dxe4 17. Bxe4 Bxe4 18. Qxe4 Ng6 19. Qg4 h5 20. Qxh5 Qxd4 21. Rad1 Re5 22. Qf3 Ree8 23. Nde4 Ne5 24. Nxf6+ Kg7 25. Nxe8+ Rxe8 26. Qd5 Qg4 27. Kg2 Nd3 28. f4 Nxb2 29. Rde1 Rxe1 30. Rxe1 Nd3 31. Re4 Bxa3 32. f5 Qg5 33. Qd4+ Ne5 34. Qxe5+ f6 35. Qc7+ Kf8 36. Qc8+ Kg7 37. Qxb7+ Kf8 38. Qb8+ 1-0